00930nam a2200205 a 4500001001000000005001700010008004100027020001500068050002400083245021100107260003200318300004200350500011800392504003100510600004700541600006300588700002000651700002700671700002600698BRCA_166920190320203512.0190508s2005----sp-a---###---#000-0#spa-# a8495610817 4aND813.R5b.J67 200510aJosé de Riberabbajo el signo de Caravaggio (1613-1633)cdirección cientifica Nicola Spinosa ; [textos Nicola Spinosa, Juan Carrete Parrondo ; comentarios de las obras Alessandra Buondonno ... [et al.]. aSalamancabCaja Dueroc2005 a191 p.bil. (algunas a color)c30 cm. aCatálogo de la exposición realizada en la Sala de Exposiciones de Caja Duero (Salamanca), abril - junio, 2005 aBibliografía: p. 182-18914aRibera, José ded1591-1652vExposiciones14aRibera, José ded1591-1652xCrítica e interpretación1 aSpinosa, Nicola1 aCarrete Parrondo, Juan1 aBuondonno, Alessandra